Interpretación de la atribución de los ingresosen el convenio multilateral (Registro nro. 13733)

Detalles MARC
000 -LEADER
fixed length control field 00363 a2200109 4500
001 - CONTROL NUMBER
control field ART_29735
005 - DATE AND TIME OF LATEST TRANSACTION
control field 20260410161645.0
008 - FIXED-LENGTH DATA ELEMENTS--GENERAL INFORMATION
fixed length control field 260409a
100 1# - MAIN ENTRY--PERSONAL NAME
Personal name Januszewski, Karina
245 10 - TITLE STATEMENT
Title Interpretación de la atribución de los ingresosen el convenio multilateral
773 0# - HOST ITEM ENTRY
Title Consultor tributario
Related parts - Año 9, Nº 99 (mayo 2015)
Record control number REV474

No hay ítems disponibles.